| 000 | 00632nam a2200217Ia 4500 | ||
|---|---|---|---|
| 003 | OSt | ||
| 005 | 20220927105318.0 | ||
| 006 | a|||||r|||| 00| 0 | ||
| 007 | ta | ||
| 008 | 220926b |||||||| |||| 00| 0 eng d | ||
| 024 | _a175925 | ||
| 037 | _cReference Collections | ||
| 040 |
_aRTL _cRTL _beng |
||
| 041 |
_2eng _aeng |
||
| 082 | _a"X9(L:5).2.P00<-N50, P0" | ||
| 245 | 0 |
_aCARE INDIA 1950-2000 _b Celebrating a 50 year partnership |
|
| 260 |
_aNew _bDelhi Care India _c2000 |
||
| 300 |
_a71p _ccm. |
||
| 942 |
_h"X9(L:5).2.P00<-N50, P0" _cCC |
||
| 999 |
_c691749 _d691749 |
||